| 000 | 00738cam a22002171 4500 | ||
|---|---|---|---|
| 001 | e 15002477 | ||
| 003 | DLC | ||
| 005 | 20260227111205.0 | ||
| 008 | 780522s1856 gau 00010 eng | ||
| 010 | _ae 15002477 //r923 | ||
| 040 |
_aDLC _cDLC _dDLC |
||
| 043 | _an-us-ga | ||
| 050 | 0 | 0 |
_aLA261 _b.S75 |
| 100 | 1 | 0 |
_aStiles, William H. _q(William Henry), _d1809-1865. |
| 245 | 0 | 0 | _aSpeech of Mr. Stiles, of Chatham, on the subject of common-school education, delivered on the 29th of January, 1856 ... |
| 260 | 0 |
_aMilledgeville, Ga., _bBoughton, Nisbet & Barnes, state printers, _c1856. |
|
| 300 |
_a19, [1] p. _c22 cm. |
||
| 500 | _aPublished under resolution of the House. | ||
| 650 | 0 |
_aEducation _zGeorgia. |
|
| 650 | 0 | _aEducation. | |
| 999 |
_c19891 _d19891 |
||